00460nam a2200145Ia 4500008004100000020001800041041000800059082001800067100005300085245006900138250000600207260006400213300001400277650002300291210716s2014 xx 000 0 und d a9789339212032 aeng a005.3068 GRAC aGray, Clifford F;Larson, Erik W;Desai, Gautam V. aProject management: the managerial process.bManagerial process. a6 aNew DelhibTata McGraw Hill Education Private Limitedc2014 axxxiv,917 aProject Management